000 01571cam a2200289 4500500
005 20260111081301.0
041 _afre
042 _adc
100 1 0 _aMelin, Valérie
_eauthor
245 0 0 _aÉduquer à la citoyenneté dans une structure expérimentale de raccrochage scolaire
260 _c2025.
500 _a14
520 _acet article présente une recherche conduite sur une expérimentation pédagogique menée dans une structure de raccrochage scolaire. Rompant avec l’enseignement moral et civique (EMC), l’éducation à la citoyenneté promue repose sur projet global d’éducation au politique portant sur tous les aspects de l’expérience scolaire.
520 _aThis article presents research into a teaching experiment conducted in a back-to-school facility. Breaking away from moral and civic education (EMC), the citizenship education being promoted is based on an overall education project covering all aspects of the school experience.
690 _aéducation à la citoyenneté
690 _aémancipation
690 _aparticipation
690 _apédagogie alternative
690 _araccrochage scolaire
690 _aalternative pedagogy
690 _aback-to-school
690 _acitizenship education
690 _aempowerment
690 _aparticipation
786 0 _nL’Année de la recherche en sciences de l’éducation | 1 | 1 | 2025-10-31 | p. 48-60 | 1254-6852
856 4 1 _uhttps://shs.cairn.info/revue-l-annee-de-la-recherche-en-sciences-de-leducation-2025-1-page-48?lang=fr&redirect-ssocas=7080
999 _c1616888
_d1616888